000 00672nam a2200229Ia 4500
003 OSt
005 20220923230228.0
006 a|||||r|||| 00| 0
007 ta
008 Pun
024 _a278,520
037 _cTextual
040 _aARTS
_cARTS
_bPun
041 _2Pun
_aPun
082 _aO153,1NKA:g, M4
100 _aਸਿੰਗਲ, ਧਰਮ ਪਾਲ
_9156265
245 0 _aਪੰਡਤ ਮਾਨ ਸਿੰਘ ਕਾਲੀਦਾਸ
_b ਜੀਵਨ ਤੇ ਰਚਨਾ
260 _c1984
650 _aਪੰਜਾਬੀ ਸਾਹਿਤ
942 _hO153,1NKA:g, M4
_cTEXL
_2CC
999 _c383383
_d383383